[Event "PRO League Group Stage"]
[Site "chess.com INT"]
[Date "2018.01.31"]
[Round "3"]
[White "Cornette, Matthieu"]
[Black "Jones, Gawain C B"]
[Result "1-0"]
[WhiteTitle "GM"]
[BlackTitle "GM"]
[WhiteElo "2611"]
[BlackElo "2640"]
[WhiteTeam "Cannes Blockbusters"]
[BlackTeam "London Towers"]
[WhiteFideId "620084"]
[BlackFideId "409561"]
[EventDate "2018.01.18"]

1. e4 c5 2. Nf3 d6 3. d4 cxd4 4. Nxd4 Nf6 5. Nc3 g6 6. Be3 Bg7 7. f3 Nc6 8. Qd2
O-O 9. g4 Be6 10. Nxe6 fxe6 11. O-O-O Ne5 12. Be2 Qc8 13. h4 Nfd7 14. h5 Nc4 15.
Bxc4 Qxc4 16. hxg6 hxg6 17. f4 Bxc3 18. bxc3 Nf6 19. Bd4 e5 20. fxe5 dxe5 21.
Qg5 Kf7 22. Qxe5 Qe6 23. Qf4 g5 24. Qxg5 Rg8 25. Qf5 Qxf5 26. gxf5 Raf8 27. Bxf6
Kxf6 28. Rh6+ Kg5 29. Re6 Kf4 30. Rxe7 b6 31. Rf1+ Ke3 32. f6 Ke2 33. Rf5 a5 34.
f7 Rh8 35. e5 a4 36. Kb2 Rd8 37. e6 a3+ 38. Kxa3 Kd1 39. Rd7+ Kxc2 40. Rxd8 Rxd8
41. f8=Q 1-0

[Event "PRO League Group Stage"]
[Site "chess.com INT"]
[Date "2018.01.31"]
[Round "3"]
[White "Kaasen, Tor Fredrik"]
[Black "Carlsen, Magnus"]
[Result "0-1"]
[WhiteTitle "FM"]
[BlackTitle "GM"]
[WhiteElo "2340"]
[BlackElo "2834"]
[WhiteTeam "Oslo Trolls"]
[BlackTeam "Norway Gnomes"]
[WhiteFideId "1516647"]
[BlackFideId "1503014"]
[EventDate "2018.01.18"]

1. e4 e6 2. d4 d5 3. Nc3 Nc6 4. Nf3 Nf6 5. e5 Ne4 6. Bd3 Nxc3 7. bxc3 h6 8. O-O
Na5 9. Be3 Bd7 10. Nd2 c5 11. c4 cxd4 12. Bxd4 dxc4 13. Nxc4 Nxc4 14. Bxc4 Bc6
15. Qg4 Qg5 16. Qxg5 hxg5 17. Rab1 Rh4 18. c3 a6 19. Be2 Be7 20. g3 Rh8 21. f4
gxf4 22. gxf4 g6 23. Bf3 Bxf3 24. Rxf3 O-O-O 25. a4 Rd5 26. Rf2 Rhd8 27. Rfb2
R8d7 28. Bf2 Ra5 29. c4 Rxa4 30. c5 Rc4 31. Rb4 Rxc5 32. R4b3 Rc4 33. Rh3 b5 34.
Be3 Kb7 35. Rh7 Bc5 0-1

[Event "PRO League Group Stage"]
[Site "chess.com INT"]
[Date "2018.01.31"]
[Round "3"]
[White "Kaasen, Tor Fredrik"]
[Black "Abdrlauf, Elham"]
[Result "1-0"]
[WhiteTitle "FM"]
[WhiteElo "2340"]
[BlackElo "2073"]
[WhiteTeam "Oslo Trolls"]
[BlackTeam "Norway Gnomes"]
[WhiteFideId "1516647"]
[BlackFideId "1533533"]
[EventDate "2018.01.18"]

1. d4 Nf6 2. c4 b6 3. Nc3 e6 4. a3 Bb7 5. d5 Be7 6. e4 exd5 7. cxd5 d6 8. Nf3
O-O 9. Bd3 Nbd7 10. O-O Ne5 11. Bc2 c6 12. dxc6 Bxc6 13. Nd4 Bb7 14. Nf5 Ng6 15.
Bg5 h6 16. Bxf6 Bxf6 17. Nxd6 Ba6 18. Re1 Qc7 19. Ndb5 Qc5 20. Qd5 Rac8 21. Bb3
Qxd5 22. exd5 Bxb5 23. Nxb5 Bxb2 24. Rab1 Bf6 25. Nxa7 Rcd8 26. Nc6 Rd6 27. Bc4
Nf4 28. Red1 Ra8 29. g3 Ng6 30. Rd3 Ne5 31. Nxe5 Bxe5 32. Re1 Bb2 33. Rb1 Bf6
34. Kg2 g6 35. f4 Kg7 36. Kf3 Ra4 37. Bb5 Rd4 38. Rxd4 Bxd4 39. Bc6 Bc5 40. a4
Rd8 41. Rb5 Bd4 42. Ke4 Bg1 43. h3 Kf6 44. Rb1 Bc5 45. Kd3 g5 46. Kc4 gxf4 47.
gxf4 Be3 48. Kb5 Kf5 49. Rd1 f6 50. d6 Bxf4 51. d7 Bc7 52. Re1 Kg6 53. Re8 Kf7
54. Ka6 f5 55. Kb7 1-0

[Event "PRO League Group Stage"]
[Site "chess.com INT"]
[Date "2018.01.31"]
[Round "3"]
[White "Rendle, Thomas E"]
[Black "Cornette, Deimante"]
[Result "1-0"]
[WhiteTitle "IM"]
[BlackTitle "IM"]
[WhiteElo "2362"]
[BlackElo "2439"]
[WhiteTeam "London Towers"]
[BlackTeam "Cannes Blockbusters"]
[WhiteFideId "408760"]
[BlackFideId "12802859"]
[EventDate "2018.01.18"]

1. e4 e5 2. Nf3 Nc6 3. Bc4 Nf6 4. d3 h6 5. O-O d6 6. Re1 g5 7. c3 Bg7 8. Nfd2
O-O 9. Nf1 d5 10. Bb3 Bg4 11. Qc2 Ne7 12. Nbd2 Ng6 13. exd5 Nxd5 14. Ne4 b6 15.
Ne3 Be6 16. Bxd5 Bxd5 17. Nf5 Be6 18. Neg3 Qd7 19. d4 exd4 20. cxd4 Kh7 21. Be3
Bh8 22. h4 gxh4 23. Nxh4 Rg8 24. Nhf5 h5 25. Nh6 h4 26. Ne4 Bd5 27. Nxg8 Kxg8
28. Ng5 h3 29. Nxh3 Qg4 30. f3 Bxf3 31. Qf2 Nh4 32. Nf4 Bf6 33. g3 Be4 34. Kf1
Nf3 35. Rac1 Kg7 36. Ng2 Rh8 37. Nh4 Rxh4 38. gxh4 Bxh4 39. Qg2 Bg3 40. Bh6+
Kxh6 41. Rxe4 Qxe4 42. Qxg3 Nd2+ 43. Kg1 Qxd4+ 44. Kh2 Ne4 45. Qf4+ Kh7 46. Rg1
Qxb2+ 47. Kh3 Qc3+ 48. Kh4 Nf6 49. Qf5+ Kh8 50. Qc8+ Kh7 51. Qf5+ Kh8 52. Qg5
Qd4+ 53. Kh3 Qd3+ 54. Kh2 Qe2+ 55. Kh1 Qf3+ 56. Kh2 Qh5+ 57. Qxh5+ Nxh5 58. Rd1
Kg7 59. Rd7 c5 60. Rxa7 Nf4 61. Kg3 Nd5 62. Rd7 Nc3 63. a3 Kf6 64. Kf4 Ke6 65.
Rb7 Nd5+ 66. Ke4 f5+ 67. Kd3 f4 68. Ke4 Kd6 69. Rg7 Nc3+ 70. Kxf4 Nb1 71. Rg3
Kc6 72. Ke4 Kb5 73. Rb3+ Ka4 74. Rxb1 b5 75. Kd5 c4 76. Kd4 Kxa3 77. Rxb5 1-0

[Event "PRO League Group Stage"]
[Site "chess.com INT"]
[Date "2018.01.31"]
[Round "3"]
[White "Rendle, Thomas E"]
[Black "Lagarde, Maxime"]
[Result "1-0"]
[WhiteTitle "IM"]
[BlackTitle "GM"]
[WhiteElo "2362"]
[BlackElo "2586"]
[WhiteTeam "London Towers"]
[BlackTeam "Cannes Blockbusters"]
[WhiteFideId "408760"]
[BlackFideId "662399"]
[EventDate "2018.01.18"]

1. e4 e6 2. d4 d5 3. Nd2 Be7 4. e5 c5 5. c3 Nc6 6. Bd3 Nh6 7. Ne2 cxd4 8. cxd4
f6 9. Nf3 fxe5 10. Nxe5 Nxe5 11. dxe5 O-O 12. O-O Bg5 13. Qc2 Bxc1 14. Raxc1 Ng4
15. Bxh7+ Kh8 16. h3 Nxe5 17. Ng3 Qh4 18. Qc5 Bd7 19. Bb1 Bc6 20. Rfe1 Nd7 21.
Qd6 Rf7 22. Qxe6 Raf8 23. Re2 Nf6 24. Rce1 d4 25. Re5 g6 26. Qd6 Nh7 27. R1e2
Ng5 28. Qxg6 Rg7 29. Qd6 Rgf7 30. Bf5 d3 31. Qxd3 Qf4 32. Bg4 Nh7 33. Rh5 Qc1+
34. Kh2 Qf4 35. Qc3+ Rg7 36. Re7 Qf6 37. Rxg7 Qxg7 38. Qxg7+ Kxg7 39. Nf5+ Kg6
40. Ne7+ Kg7 41. Nxc6 bxc6 42. Rc5 Rxf2 43. Rxc6 Rxb2 44. Rc7+ Kh6 45. Rxa7 Nf6
46. Ra6 Kg5 47. Bf3 Nd7 48. Ra5+ Kf4 49. Ra4+ Ke3 50. Kg3 Nc5 51. Rc4 Nd3 52. a4
Rb8 53. Re4+ Kd2 54. h4 Rg8+ 55. Rg4 Re8 56. h5 Ke3 57. h6 Nf2 58. Rg6 Nh1+ 59.
Kh2 Nf2 60. h7 Rh8 61. Rg7 Kf4 62. a5 Nd3 63. a6 Ne5 64. a7 Nxf3+ 65. gxf3 Kxf3
66. Rf7+ Kg4 67. Kg2 Kg5 68. Rb7 Kg6 69. Rb8 1-0

[Event "PRO League Group Stage"]
[Site "chess.com INT"]
[Date "2018.01.31"]
[Round "3"]
[White "Skuhala, Luka"]
[Black "Gretarsson, Hjorvar Steinn"]
[Result "1/2-1/2"]
[BlackTitle "GM"]
[WhiteElo "2059"]
[BlackElo "2565"]
[WhiteTeam "Ljubljana Turtles"]
[BlackTeam "Reykjavik Puffins"]
[WhiteFideId "14605678"]
[BlackFideId "2302241"]
[EventDate "2018.01.18"]

1. e4 e5 2. Nf3 Nc6 3. Bc4 Nf6 4. d3 h6 5. O-O g6 6. h3 Bg7 7. Nc3 O-O 8. a3 d6
9. Be3 Be6 10. Bb5 Qe7 11. Qd2 Kh7 12. d4 exd4 13. Nxd4 Nxd4 14. Bxd4 a6 15. Bd3
Nh5 16. Bxg7 Nxg7 17. f4 f5 18. Nd5 Qd7 19. c4 Rae8 20. Rae1 Qf7 21. b3 Bxd5 22.
exd5 Qf6 23. Be2 Re7 24. Bf3 Rfe8 25. a4 Qh4 26. Rxe7 Qxe7 27. Kf2 Qf6 28. g3 g5
29. fxg5 hxg5 30. g4 f4 31. Re1 Rxe1 32. Kxe1 Qe5+ 33. Kf2 Ne8 34. Bd1 Nf6 35.
Bc2+ Kg7 36. Qd3 Kf8 37. Kf1 b6 38. Qf5 Qxf5 39. Bxf5 a5 40. Kf2 Kg7 41. Kf3 Ng8
42. h4 gxh4 43. Kxf4 Ne7 44. Be4 h3 45. Kg3 Kf6 46. Kxh3 Kg5 47. Kg3 Ng8 48. Bf3
Nh6 49. Bd1 Nf7 50. Bf3 Ne5 51. Bd1 Nd3 52. Bf3 Nc5 53. Bd1 Ne4+ 54. Kf3 Nc5 55.
Kg3 Nd3 56. Bf3 Ne5 57. Be2 Ng6 58. Bf3 Nf4 59. Bd1 Nd3 60. Be2 Nc5 61. Bd1 1/2-1/2

[Event "PRO League Group Stage"]
[Site "chess.com INT"]
[Date "2018.01.31"]
[Round "3"]
[White "Skuhala, Luka"]
[Black "Thorhallsson, Throstur"]
[Result "1/2-1/2"]
[BlackTitle "GM"]
[WhiteElo "2059"]
[BlackElo "2418"]
[WhiteTeam "Ljubljana Turtles"]
[BlackTeam "Reykjavik Puffins"]
[WhiteFideId "14605678"]
[BlackFideId "2300109"]
[EventDate "2018.01.18"]

1. e4 d5 2. exd5 Nf6 3. Bb5+ Bd7 4. Bc4 b5 5. Bb3 Bg4 6. f3 Bc8 7. a4 b4 8. c4
c6 9. d4 cxd5 10. c5 Ba6 11. Ne2 Nc6 12. Be3 Na5 13. Nd2 g6 14. Rc1 Bg7 15. O-O
O-O 16. Re1 Ne8 17. Bc2 Nc7 18. b3 Ne6 19. Nf1 Nc6 20. Nfg3 Bxe2 21. Nxe2 f5 22.
f4 Nc7 23. g3 Ne8 24. Bd3 Nf6 25. Kg2 Ne4 26. Bxe4 fxe4 27. Qd2 a5 28. g4 Qd7
29. h3 Rf7 30. Rcd1 Raf8 31. Rf1 Nd8 32. Ng3 Qc6 33. Rf2 Qa6 34. Rdf1 e6 35. h4
Nc6 36. Rd1 Bh6 37. g5 Bg7 38. h5 Ne7 39. Rh1 Nf5 40. Nxf5 Rxf5 41. Kg3 Qc8 42.
Qe2 Qc7 43. Qg4 Kf7 44. Kg2 Qc8 45. h6 Bh8 46. Qe2 Kg8 47. Qb5 e5 48. dxe5 Bxe5
49. fxe5 Rxf2+ 50. Bxf2 Qg4+ 51. Bg3 Qf3+ 52. Kh2 Qh5+ 53. Kg2 Qf3+ 54. Kh2 Qh5+
55. Kg2 Qf3+ 56. Kh2 1/2-1/2

[Event "PRO League Group Stage"]
[Site "chess.com INT"]
[Date "2018.01.31"]
[Round "3"]
[White "Jones, Gawain C B"]
[Black "Cornette, Deimante"]
[Result "1-0"]
[WhiteTitle "GM"]
[BlackTitle "IM"]
[WhiteElo "2640"]
[BlackElo "2439"]
[WhiteTeam "London Towers"]
[BlackTeam "Cannes Blockbusters"]
[WhiteFideId "409561"]
[BlackFideId "12802859"]
[EventDate "2018.01.18"]

1. e4 Nf6 2. e5 Nd5 3. d4 d6 4. c4 Nb6 5. f4 g6 6. Nc3 Bg7 7. Be3 Be6 8. Nf3 O-O
9. c5 Nd5 10. Nxd5 Bxd5 11. Be2 Nc6 12. O-O b6 13. cxd6 cxd6 14. Rc1 Rc8 15. Qa4
e6 16. Bb5 Ne7 17. Rxc8 Nxc8 18. Bc6 Ne7 19. Bxd5 Nxd5 20. Bd2 a5 21. Qc6 dxe5
22. fxe5 Qc8 23. Rc1 Qa6 24. a4 Qd3 25. Qc2 Qe2 26. Qc4 Qe4 27. Re1 Qf5 28. Rf1
h6 29. h3 Qh5 30. Qc2 g5 31. Qe4 Rc8 32. Rc1 Rxc1+ 33. Bxc1 Qg6 34. Qxg6 fxg6
35. Nd2 Nf4 36. Kf1 Bf8 37. Nc4 Nd5 38. Bd2 Kf7 39. Ke2 Ke8 40. Ne3 Nxe3 41.
Bxe3 Kd7 42. d5 exd5 43. Bxb6 Bb4 44. Kd3 Ke6 45. Kd4 h5 46. g4 hxg4 47. hxg4
Be1 48. Bd8 Bf2+ 49. Kd3 Be1 50. Bf6 Bg3 51. Kd4 Bf2+ 52. Kc3 Bg3 53. Kd4 Bf2+
54. Kd3 Bg3 55. Bd8 Bxe5 56. Bxa5 Bxb2 57. Bd2 Be5 58. Bxg5 Bc7 59. Bd2 Kd7 60.
Kd4 Kc6 61. Bb4 Bb8 62. Bd2 Bc7 63. Bg5 Bb8 64. Bf6 Bc7 65. Be5 Bb6+ 66. Kd3 Ba5
67. Ke3 Kc5 68. Kd3 Bd8 69. Bc3 Bc7 70. Bd2 Bb8 71. Kc3 Be5+ 72. Kb3 Bc7 73.
Be3+ d4 74. Bd2 Bb8 75. Bb4+ Kd5 76. Be7 Ke4 77. Kc2 Ke3 78. Bc5 Ke4 79. a5 Kf4
80. Kd3 Kxg4 81. Kxd4 Kf3 82. Kd5 g5 83. Kc6 g4 84. Kb7 Bf4 85. a6 Be3 86. Bxe3
Kxe3 87. a7 g3 88. a8=Q g2 89. Qa7+ Ke2 90. Qg1 1-0

[Event "PRO League Group Stage"]
[Site "chess.com INT"]
[Date "2018.01.31"]
[Round "3"]
[White "Jones, Gawain C B"]
[Black "Lagarde, Maxime"]
[Result "1/2-1/2"]
[WhiteTitle "GM"]
[BlackTitle "GM"]
[WhiteElo "2640"]
[BlackElo "2586"]
[WhiteTeam "London Towers"]
[BlackTeam "Cannes Blockbusters"]
[WhiteFideId "409561"]
[BlackFideId "662399"]
[EventDate "2018.01.18"]

1. e4 c5 2. c3 e6 3. Nf3 Nf6 4. e5 Nd5 5. Bc4 Nb6 6. Bb3 c4 7. Bc2 Nc6 8. O-O d6
9. exd6 Qxd6 10. a4 Qc7 11. d3 cxd3 12. Qxd3 Nd5 13. Na3 a6 14. Re1 Be7 15. Nc4
Bd7 16. Nce5 Rd8 17. Nxd7 Rxd7 18. Qe4 Nf6 19. Qh4 Nb4 20. Bf4 Qc8 21. Bg6 Nd3
22. Bxd3 Rxd3 23. Ne5 Rd5 24. Re3 Qd8 25. Rae1 Rd1 26. Bg5 Qd2 27. Nf3 Rxe1+ 28.
Rxe1 Qxb2 29. h3 O-O 30. Qc4 b5 31. axb5 Qxb5 32. Qxb5 axb5 33. Nd4 Rc8 34. Nxb5
Rc5 35. Bxf6 Bxf6 36. Rb1 h5 37. Rb3 Rd5 38. Kf1 Rd2 39. c4 Rc2 40. Nd6 Be5 41.
Rd3 Bxd6 42. Rxd6 Rxc4 43. g3 h4 44. gxh4 Rxh4 45. Kg2 Kh7 46. Kg3 Ra4 47. Rd7
Kg6 48. Rb7 Kf6 49. Rc7 g5 50. Rc3 Rf4 51. Ra3 Ke7 52. Ra7+ Kf6 53. Ra3 e5 54.
Ra6+ Kg7 55. Ra5 f6 56. Ra7+ Kf8 57. Rb7 e4 58. Ra7 Rf3+ 59. Kg2 Rf5 60. Kg3 Re5
61. Kg4 Ke8 62. Rb7 e3 63. fxe3 Rxe3 64. Kf5 Rxh3 65. Kxf6 g4 66. Kf5 g3 67. Rg7
Rh5+ 68. Kg4 Re5 69. Kxg3 1/2-1/2

[Event "PRO League Group Stage"]
[Site "chess.com INT"]
[Date "2018.01.31"]
[Round "3"]
[White "Vaibhav, Suri"]
[Black "Melkumyan, Hrant"]
[Result "1-0"]
[WhiteTitle "GM"]
[BlackTitle "GM"]
[WhiteElo "2542"]
[BlackElo "2654"]
[WhiteTeam "Delhi Dynamite"]
[BlackTeam "Armenia Eagles"]
[WhiteFideId "5045185"]
[BlackFideId "13302485"]
[EventDate "2018.01.18"]

1. e4 c6 2. Nf3 d5 3. exd5 cxd5 4. Ne5 Nf6 5. d4 g6 6. Bb5+ Bd7 7. Nxd7 Nbxd7 8.
O-O Bg7 9. c3 O-O 10. Nd2 e6 11. Re1 Qc7 12. Bd3 a6 13. Nf3 Rfe8 14. a4 Nb6 15.
Ne5 Nc4 16. Nxc4 dxc4 17. Bf1 b5 18. Bd2 Nd5 19. axb5 axb5 20. Qc2 Qc6 21. g3 h5
22. Bg2 b4 23. cxb4 Bxd4 24. Bc3 Qb6 25. Rad1 Bg7 26. Bxd5 exd5 27. Rxe8+ Rxe8
28. Rxd5 Bxc3 29. Qxc3 Qb7 30. Rd1 h4 31. gxh4 Kh7 32. h3 Qe4 33. Qf6 Qe7 34.
Qf4 Qe6 35. Rd6 Qe1+ 36. Kh2 Qe5 37. Rf6 Qxf4+ 38. Rxf4 Kg7 39. Rxc4 Re2 40. Kg3
Rxb2 41. Rf4 Rb3+ 42. f3 Rb1 43. Kf2 Rb3 44. Ke2 f5 45. Kd2 Kf6 46. Kc2 Re3 47.
b5 Ke6 48. b6 Kd7 49. Rc4 Re6 50. Rb4 Kc8 51. b7+ Kb8 52. Kd3 Re1 53. Rb6 Rh1
54. h5 gxh5 55. Ke3 Rxh3 56. Kf4 h4 57. Rb3 Rh1 58. Kxf5 h3 59. f4 h2 60. Rb2
Rf1 61. Rxh2 Kxb7 62. Rc2 Kb6 63. Ke5 1-0

[Event "PRO League Group Stage"]
[Site "chess.com INT"]
[Date "2018.01.31"]
[Round "3"]
[White "Vaibhav, Suri"]
[Black "Manukian, Artak"]
[Result "1/2-1/2"]
[WhiteTitle "GM"]
[WhiteElo "2542"]
[BlackElo "2196"]
[WhiteTeam "Delhi Dynamite"]
[BlackTeam "Armenia Eagles"]
[WhiteFideId "5045185"]
[BlackFideId "13301373"]
[EventDate "2018.01.18"]

1. Nf3 d5 2. g3 Nf6 3. Bg2 Bf5 4. O-O e6 5. c4 c6 6. cxd5 cxd5 7. d3 Nc6 8. Qb3
Qd7 9. Nc3 Be7 10. e4 Bg4 11. Qa4 Bxf3 12. Bxf3 O-O 13. Bg2 Rfd8 14. Bf4 a6 15.
exd5 Nxd5 16. Nxd5 exd5 17. Rac1 Bf6 18. Rc5 Nd4 19. Qxd7 Rxd7 20. Re1 Ne6 21.
Rxd5 Rxd5 22. Bxd5 Nxf4 23. gxf4 g6 24. Bxb7 Ra7 25. Re8+ Kg7 26. Rb8 Bxb2 27.
Bxa6 Rxa6 28. Rxb2 Ra4 29. Rd2 Rxf4 30. d4 Rf3 31. d5 Kf8 32. d6 Ke8 33. Kg2 Ra3
34. d7+ Kd8 35. f3 Ra7 36. Kg3 Ra4 37. Kf2 Ra3 38. Kg3 Ra4 39. Kg2 h5 40. Kg3 g5
41. Kf2 Ra3 42. Kg2 g4 43. fxg4 hxg4 44. Rf2 f5 45. Rxf5 Rxa2+ 46. Kg3 Kxd7 47.
Rf4 Ke6 48. Rxg4 Kf7 49. h3 Ra6 50. Rb4 Kg7 51. h4 Kh6 52. Kg4 Rg6+ 53. Kh3 1/2-1/2

[Event "PRO League Group Stage"]
[Site "chess.com INT"]
[Date "2018.01.31"]
[Round "3"]
[White "Ghosh, Diptayan"]
[Black "Onischuk, Alexander"]
[Result "1-0"]
[WhiteTitle "GM"]
[BlackTitle "GM"]
[WhiteElo "2556"]
[BlackElo "2681"]
[WhiteTeam "Mumbai Movers"]
[BlackTeam "Estonia Horses"]
[WhiteFideId "5045207"]
[BlackFideId "14101025"]
[EventDate "2018.01.18"]

1. d4 Nf6 2. c4 e6 3. Nf3 d5 4. g3 Be7 5. Bg2 O-O 6. O-O dxc4 7. Qc2 a6 8. a4
Bd7 9. Qxc4 Bc6 10. Bg5 h6 11. Bxf6 Bxf6 12. Nc3 Bxf3 13. Bxf3 c6 14. e3 a5 15.
Qb3 Qc7 16. Rac1 Nd7 17. Rfd1 Qb6 18. Qc2 Rfd8 19. h4 Be7 20. Ne4 Rac8 21. Nd2
Nf6 22. Nc4 Qc7 23. Qb3 Bb4 24. Kg2 c5 25. Ne5 Qe7 26. Nd3 b6 27. Nxb4 cxb4 28.
Rc4 Rxc4 29. Qxc4 Nd5 30. Rc1 g6 31. Qb5 Rd6 32. Rc8+ Kg7 33. e4 Nc7 34. Qc4 Ne8
35. e5 Rd8 36. Rc6 Qd7 37. Rxb6 Qxd4 38. Qxd4 Rxd4 39. Bc6 Nc7 40. Rb7 Na6 41.
Be8 Kf8 42. Bxf7 Nc5 43. Ra7 Rd2 44. Bxg6 Rxb2 45. Rxa5 Nb3 46. Rb5 Nd4 47. Rb7
b3 48. Bd3 Nc6 49. Rb5 Nd4 50. Rb6 Ra2 51. Bc4 Rc2 52. Bxb3 Rb2 53. Rb8+ Ke7 54.
Rb7+ Kd8 55. Bd5 Re2 56. Bf3 Rxe5 57. Rb4 Nf5 58. Rb5 Re1 59. a5 Ra1 60. Bb7 1-0

[Event "PRO League Group Stage"]
[Site "chess.com INT"]
[Date "2018.01.31"]
[Round "3"]
[White "Ghosh, Diptayan"]
[Black "Kanep, Meelis"]
[Result "1-0"]
[WhiteTitle "GM"]
[BlackTitle "GM"]
[WhiteElo "2556"]
[BlackElo "2446"]
[WhiteTeam "Mumbai Movers"]
[BlackTeam "Estonia Horses"]
[WhiteFideId "5045207"]
[BlackFideId "4501047"]
[EventDate "2018.01.18"]

1. d4 Nf6 2. c4 g6 3. Nf3 Bg7 4. g3 O-O 5. Bg2 c6 6. O-O d6 7. Nc3 Qb6 8. c5
dxc5 9. Na4 Qb5 10. Nxc5 a5 11. b3 Na6 12. a4 Qb6 13. Ba3 Nd5 14. Nxa6 Qxa6 15.
Qd2 Bf5 16. Ng5 Nb4 17. e4 Bc8 18. Bxb4 axb4 19. Qxb4 Qa5 20. Qxe7 Bxd4 21. Nxh7
Kxh7 22. Qxf8 Bxa1 23. Rxa1 Be6 24. Qa3 Rd8 25. b4 Qe5 26. Re1 Rd2 27. Qe3 Qb2
28. b5 cxb5 29. axb5 Bc4 30. Bf1 Bxf1 31. Rxf1 Rd7 32. Qc5 Qe2 33. e5 Qe4 34.
Rc1 Kg7 35. Qc3 Rd4 36. e6 fxe6 37. Re1 Qd5 38. Rxe6 Kf7 39. Re1 Rd1 40. Rxd1
Qxd1+ 41. Kg2 Ke6 42. Qf3 Qxf3+ 43. Kxf3 Kd5 44. h4 Kc5 45. g4 Kxb5 46. h5 gxh5
47. gxh5 1-0

[Event "PRO League Group Stage"]
[Site "chess.com INT"]
[Date "2018.01.31"]
[Round "3"]
[White "Gurevich, Daniel"]
[Black "Liang, Awonder"]
[Result "1/2-1/2"]
[WhiteTitle "IM"]
[BlackTitle "GM"]
[WhiteElo "2483"]
[BlackElo "2572"]
[WhiteTeam "Minnesota Blizzard"]
[BlackTeam "Pittsburgh Pawngrabbers"]
[WhiteFideId "2044676"]
[BlackFideId "2056437"]
[EventDate "2018.01.18"]

1. d4 Nf6 2. Nf3 g6 3. c4 Bg7 4. Nc3 d5 5. h4 c6 6. cxd5 cxd5 7. Bf4 Nc6 8. e3
O-O 9. Qb3 a6 10. Be2 b5 11. Ne5 Bb7 12. h5 Qa5 13. hxg6 hxg6 14. Kf1 b4 15. Na4
Ne4 16. Nf3 Rac8 17. Bd3 Nd8 18. a3 bxa3 19. Qxa3 Ne6 20. b4 Qd8 21. Bh6 a5 22.
b5 Bxh6 23. Rxh6 Kg7 24. Rh1 Rh8 25. Rxh8 Qxh8 26. Ke2 Kf8 27. Rc1 Rxc1 28. Qxc1
Qh5 29. Nc5 N6xc5 30. dxc5 Qg4 31. c6 Bc8 32. b6 Qxg2 33. Bxe4 dxe4 34. Ne5 Ba6+
35. Nc4 Qf3+ 36. Ke1 Qh1+ 37. Kd2 Qh5 38. Qc3 Kg8 39. Nxa5 Qf3 40. c7 Qxf2+ 41.
Kc1 Qf1+ 42. Kb2 Qb5+ 43. Nb3 Qxb6 44. c8=Q+ Bxc8 45. Qxc8+ Kg7 46. Qc3+ Qf6 47.
Nd4 g5 48. Kc2 Qf2+ 49. Kd1 Qf1+ 50. Kd2 Qf6 51. Nf5+ Kg6 52. Qxf6+ Kxf6 53. Ng3
Ke5 54. Ke2 f5 55. Nh5 f4 56. exf4+ gxf4 57. Ng7 e6 58. Kf2 Kf6 59. Ne8+ Ke5 60.
Ng7 Kd5 61. Nh5 e5 62. Nf6+ Kd4 63. Ke2 e3 64. Ng4 Ke4 65. Nh2 Kd4 66. Nf3+ Ke4
67. Ng5+ Kf5 68. Nf3 e4 69. Nd4+ Ke5 70. Nb5 Kf5 71. Nd6+ Ke5 72. Nb5 Ke6 73.
Nc3 Kf5 74. Nd5 Ke5 1/2-1/2

[Event "PRO League Group Stage"]
[Site "chess.com INT"]
[Date "2018.01.31"]
[Round "3"]
[White "Xu, Xiangyu"]
[Black "Gabuzyan, Hovhannes"]
[Result "1-0"]
[WhiteTitle "GM"]
[BlackTitle "GM"]
[WhiteElo "2545"]
[BlackElo "2571"]
[WhiteTeam "Chengdu Pandas"]
[BlackTeam "Rio Grande Ospreys"]
[WhiteFideId "8608288"]
[BlackFideId "13303732"]
[EventDate "2018.01.18"]

1. d4 Nf6 2. Nf3 g6 3. g3 Bg7 4. Bg2 O-O 5. O-O d5 6. c4 c6 7. Qb3 Qb6 8. Nc3
Rd8 9. h3 Bf5 10. Bf4 dxc4 11. Qxc4 Ne4 12. Ne5 Nd6 13. Qb3 Qxd4 14. Nxf7 Nxf7
15. Rad1 Qb6 16. Rxd8+ Qxd8 17. Qxb7 Nd7 18. g4 Be6 19. Qxc6 Rc8 20. Qxe6 Nc5
21. Qd5 Qf8 22. Be3 e6 23. Bxc5 Qxc5 24. Qxe6 Bxc3 25. bxc3 Qxc3 26. Rd1 Rc7 27.
Rd3 Qc1+ 28. Bf1 Qa1 29. Rf3 Kg7 30. h4 Nh6 31. Kg2 Ng8 32. e3 Re7 33. Qd6 Re4
34. Qd7+ Re7 35. Qd6 Re4 36. Rf4 Rxf4 37. Qxf4 Qxa2 38. Bc4 Qc2 39. Qf7+ Kh6 40.
g5+ Kh5 41. Qxh7+ Kg4 42. Be6+ 1-0

[Event "PRO League Group Stage"]
[Site "chess.com INT"]
[Date "2018.01.31"]
[Round "3"]
[White "Xu, Xiangyu"]
[Black "Kambrath, Yannick"]
[Result "1-0"]
[WhiteTitle "GM"]
[BlackTitle "FM"]
[WhiteElo "2545"]
[BlackElo "2342"]
[WhiteTeam "Chengdu Pandas"]
[BlackTeam "Rio Grande Ospreys"]
[WhiteFideId "8608288"]
[BlackFideId "20632525"]
[EventDate "2018.01.18"]

1. d4 Nf6 2. c4 e6 3. g3 d5 4. Bg2 Bb4+ 5. Nd2 O-O 6. Nf3 b6 7. O-O Bb7 8. Ne5
Bd6 9. cxd5 exd5 10. Ndc4 Be7 11. Bf4 c6 12. Ne3 Na6 13. Rc1 c5 14. Nf5 Re8 15.
e3 Bf8 16. Qa4 Nc7 17. b4 Ne6 18. bxc5 bxc5 19. Rb1 Nxf4 20. gxf4 Bc8 21. Ng3
cxd4 22. Qxd4 Ba6 23. Rfd1 Qa5 24. Bxd5 Nxd5 25. Qxd5 Qxd5 26. Rxd5 Rab8 27.
Rbd1 Rb2 28. Rd8 Rxd8 29. Rxd8 Bb5 30. Nf5 f6 31. Ne7+ Kh8 32. Rxf8# 1-0

[Event "PRO League Group Stage"]
[Site "chess.com INT"]
[Date "2018.01.31"]
[Round "3"]
[White "Kambrath, Yannick"]
[Black "Yu, Yangyi"]
[Result "0-1"]
[WhiteTitle "FM"]
[BlackTitle "GM"]
[WhiteElo "2342"]
[BlackElo "2760"]
[WhiteTeam "Rio Grande Ospreys"]
[BlackTeam "Chengdu Pandas"]
[WhiteFideId "20632525"]
[BlackFideId "8603820"]
[EventDate "2018.01.18"]

1. d4 Nf6 2. c4 e6 3. Nf3 d5 4. Nc3 c6 5. e3 Nbd7 6. a3 g6 7. Bd3 Bg7 8. O-O O-O
9. b4 b6 10. Bb2 Bb7 11. Qb3 Rb8 12. cxd5 exd5 13. a4 Re8 14. Rac1 c5 15. bxc5
bxc5 16. Qa2 c4 17. Be2 Bc6 18. Nd2 Qa5 19. e4 Bh6 20. f4 Qb6 21. Nb5 a6 22.
exd5 Rxe2 23. dxc6 Qxc6 24. Nxc4 Qxg2# 0-1

[Event "PRO League Group Stage"]
[Site "chess.com INT"]
[Date "2018.01.31"]
[Round "3"]
[White "Andriasian, Zaven"]
[Black "Aradhya, Garg"]
[Result "1-0"]
[WhiteTitle "GM"]
[WhiteElo "2585"]
[BlackElo "2289"]
[WhiteTeam "Armenia Eagles"]
[BlackTeam "Delhi Dynamite"]
[WhiteFideId "13302000"]
[BlackFideId "25006746"]
[EventDate "2018.01.18"]

1. e4 e5 2. Nf3 Nc6 3. Bc4 Bc5 4. d3 Nf6 5. O-O O-O 6. Nbd2 a6 7. c3 d6 8. Bb3
Re8 9. h3 Be6 10. Re1 h6 11. Bc2 d5 12. Qe2 b5 13. a4 b4 14. a5 bxc3 15. bxc3 d4
16. Ba4 Bd7 17. Bxc6 Bxc6 18. Nb3 Ba7 19. cxd4 exd4 20. Bb2 Bb5 21. Qc2 c5 22.
Nfd2 Nh5 23. Nc4 Rb8 24. Nbd2 Nf4 25. Kh2 Qd7 26. Bc1 Rbc8 27. Nf1 Ne6 28. Kg1
Bb8 29. Nb6 Qd6 30. Nxc8 Rxc8 31. Qd1 c4 32. dxc4 Bxc4 33. Ng3 Qe5 34. Rb1 d3
35. Be3 Qxa5 36. Qg4 Rd8 37. Bxh6 d2 38. Red1 Bxg3 39. fxg3 Qc5+ 40. Kh2 g5 41.
h4 Bd3 42. Bxg5 Nxg5 43. Rxd2 Kh7 44. Rb7 Qf8 45. Qxg5 Kh8 46. Qf6+ Kg8 47. Rxf7
Qxf7 48. Qxd8+ Kh7 49. Rxd3 Qf2 50. Rd7+ Kg6 51. Qg5# 1-0